Statistiken für Länder, die Guinea am nächsten liegen - Einminütiger Sprint

Klicken Sie hier um das Quiz zu spielen!

Allgemein

  • Dieses Quiz wurde 32 mal gespielt
  • Das Durchschnittsergebnis liegt bei 16 aus 20

Antwortstatistiken

kmLand% Korrekt
0Guinea-Bissau
100%
0Mali
100%
1001Niger
96%
267Burkina Faso
93%
0Côte d'Ivoire
93%
1137Nigeria
93%
0Sierra Leone
93%
74Gambia
86%
540Ghana
86%
0Liberia
86%
280Mauretanien
86%
0Senegal
86%
875Togo
86%
947Benin
79%
1657Marokko
79%
1831Kamerun
71%
1409Algerien
68%
996Cabo Verde
46%
1684Spanien
25%
965Westsahara
21%

Verteilung der Resultate

Perzentil nach korrekt beantworteten Fragen

Anzahl Personen mit jedem Resultat

Ihre Resultats-Entwicklung

Sie haben dieses Quiz noch nicht gespielt